| 000 | 00381nam a2200133Ia 4500 | ||
|---|---|---|---|
| 008 | 160319s9999 xx 000 0 und d | ||
| 050 | _bR627n 2006 | ||
| 245 | _aNoli Me Tangere : | ||
| 245 | _bsa bagong pananaw / | ||
| 245 | _cCorazon G. Magbaleta, Fernandez, Benjamina A., Linao, Maria Teresa. | ||
| 260 | _bMega- Jesta Prints, Inc. | ||
| 260 | _c2006 | ||
| 300 | _a419 pages : | ||
| 999 |
_c292328 _d292328 |
||